| 000 | 00653nam a2200241 i 4500 | ||
|---|---|---|---|
| 001 | 108346 | ||
| 003 | ES-MaACL | ||
| 005 | 20230906184628.0 | ||
| 007 | t| | ||
| 008 | 061121s1974 sp r ||||1| spa d | ||
| 020 | _a84-85029-16-X | ||
| 100 | 1 |
_aMoncada, Alberto. _982116 |
|
| 245 | 1 | 3 |
_aEl Opus Dei, una interpretación / _cAlberto Moncada. |
| 260 |
_aMadrid : _bÍndice, _c1974. |
||
| 300 |
_a147 p. ; _c21 cm. |
||
| 490 | 1 | _aColección Unamuno | |
| 610 | 2 | 4 |
_aOpus Dei. _96035 |
| 830 | 1 |
_aColección Unamuno _9183570 |
|
| 852 |
_aES-MaACL _jE-6827 |
||
| 852 |
_aES-MaACL _jE-5390 |
||
| 852 |
_aES-MaACL _jE-5888 |
||
| 999 |
_c108346 _d108346 |
||